000 01093aam a2200313 i 4500
001 4132
003 CO-MdFUSB
005 20230829115515.0
007 ta
008 230829t1928 us a|||g |||| 00| 0 eng d
040 _bspa
_aCO-MdFUSB
_cCO-MdFUSB
_dCO-MdFUSBC
_erda
041 _aeng
082 0 4 _223
_a234.8
_bP341h
100 1 _aPaxson, Ruth
_eautor
245 1 0 _aLife on the highest plane
_b: A study of the spiritual nature and needs of man
_c/ Ruth Paxson
264 4 _aChicago, IL, USA :
_bMoody Press,
_c©1928
300 _aVol. 1 264 páginas, Vol. 2 246 páginas, 306 páginas
_c; 21 cm
336 _atexto
_btxt
_2rdacontent
337 _2rdamedia
_asin mediación
_bn
338 _2rdacarrier
_avolumen
_bnc
504 _aIncluye bibliografías
505 _aVol. 1: La persona y obra de Cristo -- Vol. 2: La relación entre Cristo y el cristiano -- Vol. 3: La respuesta del creyente a la acción del Espíritu Santo
563 _atapa dura
650 1 4 _aVIDA CRISTIANA
650 1 7 _aCristología
_9239
942 _cBK
945 _aAF
999 _c34745
_d34745